Caen - Statistiques

Statistiques générales
  • Ce quiz a été pris 276 fois
  • Le résultat moyen est 7 sur 15
Statistiques - réponses
Hint Réponse % Correct
Numéro de ce dernier 14
99%
Département de la ville Calvados
95%
Nom de l'intercommunalité Caen la Mer
75%
Personnage historique associé à la ville Guillaume Le conquérant
70%
Grande abbaye fondée par cet ancien duc de Normandie Abbaye aux hommes
56%
Deuxième plus grande ville du département, collée à Caen Hérouville Saint-Clair
47%
Club de hand Vikings
44%
Spécialité culinaire Tripes à la mode de Caen
41%
Club de hockey Drakkars
40%
Club de foot connu de la ville Stade Malherbe Caen
39%
Rivière passant par la préfecture calvadosienne L'Orne
34%
Club de basket de la ville Caen basket Calvados
24%
Superficie de la ville (km2) 25
19%
Quartier médiéval de Caen Le Vaugeux
19%
De combien de pourcent la ville de Caen perd son volume bâti après la Seconde Guerre mondiale ? 68%
12%
Aucun quiz correspondant
Distribution des résultats
% des personnes avec chaque résultat
Percentile par nombre de réponses
Votre historique - résultats
Vous n’avez pas pris ce quiz